Statistics for NBA Teams and their players

Click here to take the quiz!

General Stats

  • This quiz has been taken 8 times
  • The average score is 13 of 16

Answer Stats

Answer% Correct
Carmelo Anthony
88%
Damian Lillard
88%
Los Angeles Lakers
88%
Milwaukee Bucks
88%
New Orleans Pelicans
88%
New York Knicks
88%
Orlando Magic
88%
Philadelphia 76ers
88%
Sacramento Kings
88%
San Antonio Spurs
88%
Shaquille O'Neal
88%
Tim Duncan
88%
CJ McCollum
75%
De'Aaron Fox
75%
Christian Wood
38%
Tyreese Maxey
38%

Score Distribution

Percentile by Number Answered

Percent of People with Each Score

Your Score History

You have not taken this quiz